| 000 | nam a22 a 4500 | ||
|---|---|---|---|
| 999 |
_c996 _d996 |
||
| 003 | AKMAL | ||
| 005 | 20170508103056.0 | ||
| 008 | 17050 s1997 my 00 may d | ||
| 020 |
_a9830461556 (kkt.): _cRM 10.00 : jilid 2 |
||
| 020 |
_a983046282X (kkt.): _cRM 10.00 : jilid 3 |
||
| 040 |
_aAKMAL _cAKMAL |
||
| 049 | _amal | ||
| 082 | 0 | 4 | _a297.217 MIS |
| 090 |
_a297.217 _bMIS |
||
| 090 | 2 | 0 |
_a297.217 _bMIS |
| 245 | 1 | 0 |
_aHimpunan kisah-kisah jin, iblis & syaitan / _csusunan Muhammad Isa Selamat |
| 260 |
_aKuala Lumpur : _bDarul Nu'man, _c1997 |
||
| 300 |
_aviii, 254ms. ; _c21cm |
||
| 440 |
_a2002 misteri ; _vsiri 2 _92095 |
||
| 500 | _aMengandungi ayat-ayat dari Quran | ||
| 650 |
_aJinn _92032 |
||
| 650 |
_aDevil _xIslam _91962 |
||
| 650 |
_aSpirits (Islam) _91929 |
||
| 700 | 0 |
_aMuhammad Isa Selamat _91930 |
|
| 942 |
_2ddc _cBOOK |
||